Zásady efektívneho obchodného rokovania

Obchodné rokovanie - špeciálny typ kreatívnej komunikácie. Jeho úspešnosť je priamo podmienená schopnosťou kreatívne komunikovať. Zásady efektívneho obchodného rokovania.

Salvato in:
Dettagli Bibliografici
Autore principale: Szarková, Miroslava, 1951-
Natura: Capitolo di libro
Lingua:slovacco
Soggetti:
Tags: Aggiungi Tag
Nessun Tag, puoi essere il primo ad aggiungerne!!

MARC

LEADER 00000naa a2200000 4500
001 r026995
005 20240502071329.0
041 0 |a slo 
044 |a SK 
245 1 0 |a Zásady efektívneho obchodného rokovania  |c Miroslava Szarková 
520 |a Obchodné rokovanie - špeciálny typ kreatívnej komunikácie. Jeho úspešnosť je priamo podmienená schopnosťou kreatívne komunikovať. Zásady efektívneho obchodného rokovania. 
610 2 0 |a rokovania obchodné 
610 2 0 |a komunikácia 
610 2 0 |a kreativita 
610 2 0 |a asertivita 
610 2 0 |a marketing 
610 2 0 |a manažéri 
610 2 0 |a partneri obchodní 
610 2 0 |a stratégia marketingová 
100 1 |a Szarková, Miroslava, 1951-